01060nam a2200289Ia 4500001001200000003000800012006001900020007001500039008004100054020001500095040002100110035002000131050002200151245006700173260004800240300001100288533015200299650003100451650002400482650002500506650003400531650001600565655002900581710001700610856012600627999001700753ebr10047395CaPaEBRm u cr cn|||||||||040211s2003 sz gs 000 0 eng d z9241545755 aCaPaEBRcCaPaEBR a(OCoLC)5566416714aRD32b.S87 2003eb00aSurgical care at the district hospitalh[electronic resource]. aGeneva :bWorld Health Organization,c2003. a514 p. aElectronic reproduction.bPalo Alto, Calif. :cebrary,d2009.nAvailable via World Wide Web.nAccess may be limited to ebrary affiliated libraries. 0aHospitalsxAdministration. 0aSurgery, Operative. 0aObstetricsxSurgery. 0aWounds and injuriesxSurgery. 0aAnesthesia. 7aElectronic books.2local2 aebrary, Inc.40uhttp://site.ebrary.com/lib/rucke/Doc?id=10047395zAn electronic book accessible through the World Wide Web; click to view c73627d73627